000 00206 a2200097 4500
001 15107
100 _aHoneylone R.C
245 _aWorld geography
260 _aLondon
_bHeinemann
_c
090 _c11858
_d11858
942 _aNUST-CAE
_cM
_c2067
999 _c250180
_d250180